000 00439nam a2200145Ia 4500
003 OSt
005 20260114105736.0
008 211028s2012 xx 000 0 und d
040 _cAIMIT LIBRARY
041 _aeng
100 _aPais, Joel Maxim; Fernandes, Everil.
_g1016018
_96895
245 _aPre launch market scenario analysis with respect to cinepolis Mangalore /
260 _aMangalore
_bFernandes, Everil
_c2012
942 _2ddc
_cPRO
999 _c218465
_d218465